Online Catalogue and eLibrary

Feminism and anthropology / (Record no. 272)

MARC details
000 -LEADER
fixed length control field 00668cam a2200241 a 4500
001 - CONTROL NUMBER
control field 3404520
005 - DATE AND TIME OF LATEST TRANSACTION
control field 20240202014206.0
008 - FIXED-LENGTH DATA ELEMENTS--GENERAL INFORMATION
fixed length control field 890503s1988 enk b 001 0 eng c
020 ## - INTERNATIONAL STANDARD BOOK NUMBER
ISBN 0745601146 :
020 ## - INTERNATIONAL STANDARD BOOK NUMBER
ISBN 0745601138 (pbk.)
040 ## - CATALOGING SOURCE (பட்டியலாக்க மூலம்)
Original cataloging agency MH
Transcribing agency MH
Modifying agency DLC
082 ## - DDC Classification
DDC Edition Number 22
Class No. 306.
Item Number - Author Mark FEM.
100 1# - MAIN ENTRY--PERSONAL NAME
Personal name Moore, Henrietta L.
245 10 - TITLE STATEMENT
Title Feminism and anthropology /
Statement of responsibility, etc. Henrietta L. Moore.
260 ## - PUBLICATION, DISTRIBUTION, ETC.
Place of publication, distribution, etc. Cambridge, UK :
Name of publisher, distributor, etc. Polity Press in association with B. Blackwell, Oxford, UK,
Date of publication, distribution, etc. 1988.
300 ## - PHYSICAL DESCRIPTION
Extent (e.g. Volumes, Pages etc.) ix, 246 p. ;
500 ## - GENERAL NOTE
General note Includes index.
650 #0 - SUBJECT ADDED ENTRY--TOPICAL TERM
Topical term or geographic name entry element Sex role.
650 #0 - SUBJECT ADDED ENTRY--TOPICAL TERM
Topical term or geographic name entry element Women.
650 #0 - SUBJECT ADDED ENTRY--TOPICAL TERM
Topical term or geographic name entry element Ethnology
650 #0 - SUBJECT ADDED ENTRY--TOPICAL TERM
Topical term or geographic name entry element Feminist anthropology.
942 ## - Koha item type (Biblio)
Koha item type Books in Stacks (Lending)
Holdings
Lost status Damaged status Collection code Home library Current library Date acquired Full call number Accession Number Item type
    Lending WERC Library WERC Library 02/02/2024 306. FEM. 5424 Books in Stacks (Lending)

© WERC Library